| 000 | 00679nam a22002537a 4500 | ||
|---|---|---|---|
| 001 | 28798 | ||
| 003 | BD-RjUL | ||
| 005 | 20211209051330.0 | ||
| 008 | 140401s2005 bg |||| |||| 000 0 eng d | ||
| 020 | _a9848683097 | ||
| 035 | _a(BD-RjUL)28880 | ||
| 040 |
_aBD-RjUL _beng _cBD-RjUL |
||
| 041 | _aeng | ||
| 082 |
_bQUG 2005 _a915.61 |
||
| 100 | 1 |
_aQureshi, R.D _988064 |
|
| 245 | 1 | 2 |
_aA Glimpes of Wonderful Turkey / _cR.D Qureshi |
| 250 | _aRev. ed. | ||
| 260 |
_aDhaka : _bAnyaprokash, _c2005. |
||
| 300 |
_a78 p. : _bill. ; _c22cm. |
||
| 650 | 7 |
_2SLSH _988065 |
|
| 651 |
_aTurkey _xGuiedbooks _988066 |
||
| 651 |
_aTurkey _xDescription and Travel _988076 |
||
| 942 |
_2ddc _cBK |
||
| 999 |
_c28798 _d28798 |
||